Rulers Of India (Record no. 1215111)

MARC details
000 -LEADER
fixed length control field 00469nam a2200193Ia 4500
008 - FIXED-LENGTH DATA ELEMENTS--GENERAL INFORMATION
fixed length control field 151121s9999||||xx |||||||||||||| ||und||
082 ## - DEWEY DECIMAL CLASSIFICATION NUMBER
Classification number 824-/MAL
082 ## - DEWEY DECIMAL CLASSIFICATION NUMBER
Item number HNW-9440
100 ## - MAIN ENTRY--PERSONAL NAME
Personal name Malleson Colonel
245 ## - TITLE STATEMENT
Title Rulers Of India
260 ## - PUBLICATION, DISTRIBUTION, ETC. (IMPRINT)
Name of publisher, distributor, etc At the Clarendon Press। Oxford।
260 ## - PUBLICATION, DISTRIBUTION, ETC. (IMPRINT)
Date of publication, distribution, etc --
300 ## - PHYSICAL DESCRIPTION
Extent 188
600 ## - SUBJECT ADDED ENTRY--PERSONAL NAME
Personal name Malleson Colonel
630 ## - SUBJECT ADDED ENTRY--UNIFORM TITLE
Uniform title Rulers Of India
700 ## - ADDED ENTRY--PERSONAL NAME
Personal name Malleson Colonel
730 ## - ADDED ENTRY--UNIFORM TITLE
Uniform title Rulers Of India
942 ## - ADDED ENTRY ELEMENTS (KOHA)
Koha item type Book
Holdings
Withdrawn status Lost status Damaged status Not for loan Home library Current library Date acquired Cost, normal purchase price Total Checkouts Full call number Barcode Date last seen Cost, replacement price Price effective from Koha item type
        Hirachand Nemchand Wachanalaya, Solapur Hirachand Nemchand Wachanalaya, Solapur 11/21/2015 190.00   HNW-9440 HNW-9440 11/21/2015 190.00 11/21/2015 Book